Hlúpa panna

Bibliographic Details
Other Authors: Slobodníková, Kveta (Translator)
Format: Article
Language:Slovak
ISSN:ISSN 0139-911X
Subjects:

MARC

LEADER 00000nab a2200000 a 4500
001 vtls010238172
003 SK-MaSNL
005 20260303092816.0
008 110221c2011 xo m p 000 0 slo
015 |a SNBRB 2011/02 
040 |a KEKMK  |b slo  |c KEKMK  |e AACR2 
041 |a slo 
044 |a xo  |c SK 
080 |a 82-93  |2 2001 
245 0 0 |a Hlúpa panna  |c Preložila Kveta Slobodníková. 
650 0 7 |a literatúra pre deti a mládež  |2 kekmk  |9 21893 
700 1 |a Slobodníková, Kveta  |4 Trl.  |9 351964 
773 0 |t Slniečko  |g Roč. 65, č.2(október 2010), s.18-19.  |x ISSN 0139-911X 
852 |a KEKMK  |b KIS3G 
958 |a DB 
999 |c 1813113  |d 1815043